|
|
|
|
| LEADER |
00810nab#a2200301#ar4500 |
| 001 |
000083621 |
| 003 |
SVKKK |
| 005 |
20070413103313.0 |
| 008 |
050104c2006 xr e cze |
| FMT |
|
|
|
| 038 |
|
|
|a SVKKK
|
| 040 |
|
|
|a SVKKK
|b slo
|e AACR2
|
| 041 |
0 |
|
|a cze
|
| 044 |
|
|
|a xr
|c CZ
|
| 080 |
|
|
|a 7.079(=214.58)(437.1/.2)
|2 1997
|
| 100 |
1 |
|
|a Steklá, Radka
|4 aut
|
| 245 |
1 |
0 |
|a Slunce, hudba i tanec patří v květnu Khamoru
|c Radka Steklá ; Aleš Vlachovský
|
| 300 |
|
|
|b Fotogr.
|
| 611 |
2 |
4 |
|a Khamoro
|n (8. :
|d 22.-27.5.2006 :
|c Praha, Česko)
|
| 650 |
0 |
4 |
|a kultúrne podujatia
|x rómske festivaly
|
| 700 |
1 |
|
|a Vlachovský, Aleš
|4 pht
|
| 773 |
0 |
|
|t Romano voďi
|g Roč. 4, č. 5 (2006), s. 14-17
|
| 958 |
|
|
|a RQ
|
| 974 |
|
|
|a Fav
|
| 992 |
|
|
|a RBX
|
| BAS |
|
|
|
| 852 |
|
|
|a SVKKK
|b BIB
|
| 998 |
|
|
|a REG
|